THE COMMON DEFENSE STRATEGIC PROGRAMS IN NATIONAL POLITICS (Record no. 585211)
[ view plain ]
| 000 -LEADER | |
|---|---|
| fixed length control field | 00282nam a22001097a 4500 |
| 082 ## - DEWEY DECIMAL CLASSIFICATION NUMBER | |
| Classification number | 355 HUN'C |
| 100 ## - MAIN ENTRY--PERSONAL NAME | |
| Personal name | HUNTINGTON, SAMUAL P |
| 9 (RLIN) | 80264 |
| 245 ## - TITLE STATEMENT | |
| Title | THE COMMON DEFENSE STRATEGIC PROGRAMS IN NATIONAL POLITICS |
| 260 ## - PUBLICATION, DISTRIBUTION, ETC. | |
| Place of publication, distribution, etc. | NEWYORK |
| Name of publisher, distributor, etc. | COLUMBIA |
| Date of publication, distribution, etc. | 1961 |
| 300 ## - PHYSICAL DESCRIPTION | |
| Extent | 500P |
| 942 ## - ADDED ENTRY ELEMENTS (KOHA) | |
| Koha item type | Book |
| Withdrawn status | Lost status | Damaged status | Not for loan | Permanent Location | Current Location | Shelving location | Date acquired | Total Checkouts | Full call number | Barcode | Date last seen | Price effective from | Koha item type |
|---|---|---|---|---|---|---|---|---|---|---|---|---|---|
| College of Electrical & Mechanical Engineering (CEME) | College of Electrical & Mechanical Engineering (CEME) | General Stacks | 07/07/2017 | 355 HUN'C | CEME-5478 | 06/28/2021 | 06/28/2021 | Book |
